Instructor's manual for the heath guide to literature
সংরক্ষণ করুন:
| বিন্যাস: | গ্রন্থ |
|---|---|
| ভাষা: | Undetermined |
| প্রকাশিত: |
Lexington
D.C. Heath and Co
|
| বিষয়গুলি: | |
| ট্যাগগুলো: |
ট্যাগ যুক্ত করুন
কোনো ট্যাগ নেই, প্রথমজন হিসাবে ট্যাগ করুন!
|
| Thư viện lưu trữ: | Trung tâm Học liệu Trường Đại học Cần Thơ |
|---|
| LEADER | 00458nam a2200145Ia 4500 | ||
|---|---|---|---|
| 001 | CTU_12743 | ||
| 008 | 210402s9999 xx 000 0 und d | ||
| 082 | |a 808.02 | ||
| 082 | |b H438 | ||
| 245 | 0 | |a Instructor's manual for the heath guide to literature | |
| 260 | |a Lexington | ||
| 260 | |b D.C. Heath and Co | ||
| 650 | |a english literature - collections | ||
| 904 | |i Nguyễn Quang Điền, 961118 | ||
| 980 | |a Trung tâm Học liệu Trường Đại học Cần Thơ | ||